| 000 -LEADER |
| fixed length control field |
00706nam a2200217Ia 4500 |
| 001 - CONTROL NUMBER |
| control field |
953 |
| 003 - CONTROL NUMBER IDENTIFIER |
| control field |
GE_BSU |
| 008 - FIXED-LENGTH DATA ELEMENTS--GENERAL INFORMATION |
| fixed length control field |
181216s||||||||xx |||||||||||||| ||und|| |
| 040 ## - CATALOGING SOURCE |
| Transcribing agency |
GE_BSU |
| 080 ## - UNIVERSAL DECIMAL CLASSIFICATION NUMBER |
| Universal Decimal Classification number |
332.12(075ю8)+327(075.8)+91(075.8) |
| 100 ## - MAIN ENTRY--PERSONAL NAME |
| Personal name |
Иванова,М.В;Штанько,М.А; |
| 245 ## - TITLE STATEMENT |
| Title |
Введение в регионоведение.Методы регионоведческих исспедовании. |
| 245 ## - TITLE STATEMENT |
| Remainder of title |
Учебное пособие. |
| 260 ## - PUBLICATION, DISTRIBUTION, ETC. |
| Place of publication, distribution, etc. |
Томск |
| 260 ## - PUBLICATION, DISTRIBUTION, ETC. |
| Name of publisher, distributor, etc. |
Томского политехнич ин-та |
| 260 ## - PUBLICATION, DISTRIBUTION, ETC. |
| Date of publication, distribution, etc. |
2007 |
| 300 ## - PHYSICAL DESCRIPTION |
| Extent |
980 с. |
| 653 ## - INDEX TERM--UNCONTROLLED |
| Uncontrolled term |
Введение в регионоведение. |
| 942 ## - ADDED ENTRY ELEMENTS (KOHA) |
| Koha item type |
წიგნი |